000 00814nam a2200193 a 4500
003 0
005 20250527151254.0
008 080526s19uu xx 00 eng d
050 _aPHS BV 4520
_b.C44 2002
100 _aCheng, Leanne N.
245 _aA Comparative study on the motivation and relevance of the Holy mass on Roman Catholic students and teachers from the College of Engineering at University of Santo Tomas /
_cLeanne N. Cheng.
260 _aLas PiƱas City, Philippines :
_bSouthville International School and Colleges,
_c2002.
300 _a51 pages :
_billustrations ;
_c28 cm.
504 _aIncludes bibliographical references.
650 _aReligious motivation
_zPhilippines.
650 _aMass
_xCatholic Church.
650 _aEducation
_xReligious aspects
_vCatholic Church.
942 _2lcc
_cPASS
999 _c96691
_d96691